| 000 | 01249nam a2200313 4500 | ||
|---|---|---|---|
| 001 | 0000022642 | ||
| 003 | CO-CtgCURN | ||
| 005 | 20250828180014.0 | ||
| 008 | 160627s2006 000 0 eng d | ||
| 020 | _a9587101227 | ||
| 040 |
_aCO-CtgCURN _bspa _ccoctgcurn |
||
| 082 | 0 |
_a347 _bR35f |
|
| 100 | 1 | _aRenginfo García, Ernesto. | |
| 245 | 1 | 3 |
_aLa fiducia Mercantil y publica en Colombia / _cErnesto Rengifo García. |
| 250 | _a2a ed. | ||
| 260 |
_aBogotá : _bUniversidad Externado de Colombia, _c2006. |
||
| 300 | _a280 p. | ||
| 336 | _2rdacontent | ||
| 337 |
_2rdamedia _asin mediacion _bn |
||
| 338 |
_2rdacarrier _avolumen _bnc |
||
| 504 | _aBibliografia (p. 271-280) | ||
| 505 | 8 | _aAntecedentes historicos de la fiducia.--Elementos, caracteristicas y efectos de la fiducia mercantil.--Finalidades de la fiducia mercantil.--Responsabilidad civil del fiduciario.--Temas especiales de la responsabilidad civil del fiduciario.--Fiducia publica | |
| 650 | 0 |
_aFideicomiso _vHistoria. |
|
| 710 | 2 | _aUniversidad Externado de Colombia. | |
| 908 | _a160627 | ||
| 942 |
_cBK _h347 _iR35f _2ddc |
||
| 999 |
_c49869 _d49869 _x2 |
||